000
00278nam a2200133Ia 4500
100
_a
Godbole A.K./ kahate
942
_c
BK
654
_a
web
245
_a
Web technologies
260
_b
Tata Mc Graw hill Ltd.
_c
2003
082
_a
4.65
_b
GOD
546
_a
ENGLISH
999
_c
31355
_d
31355